Statistics for Urban Areas closest to the Prime Meridian

Click here to take the quiz!

General Stats

  • This quiz has been taken 16 times
  • The average score is 26 of 36

Answer Stats

LongitudePopulationCity% Correct
2.2°E4,700,000Barcelona, Spain
100%
0.1°E14,600,000London, UK
100%
3.7°W6,350,000Madrid, Spain
100%
2.4°E11,300,000Paris, France
100%
3.1°E3,825,000Algiers, Algeria
93%
4.9°E2,425,000Amsterdam, Netherlands
87%
1.8°W3,100,000Birmingham, UK
87%
4.4°E2,050,000Brussels, Belgium
87%
4.3°W1,660,000Glasgow, UK
87%
1.5°W2,150,000Leeds, UK
87%
2.2°W3,025,000Manchester, UK
87%
0.4°W1,760,000Valencia, Spain
87%
0.2°W5,100,000Accra, Ghana
80%
1.2°E1,970,000Lomé, Togo
80%
1.4°W1,550,000Sheffield, UK
80%
4.0°W5,350,000Abidjan, Cote d'Ivoire
73%
3.1°E1,290,000Lille, France
73%
3.0°W1,860,000Liverpool, UK
73%
4.4°W1,020,000Málaga, Spain
73%
1.6°W1,470,000Newcastle, UK
73%
2.1°E1,220,000Niamey, Niger
73%
5.0°W1,240,000Fès, Morocco
67%
3.4°E18,200,000Lagos, Nigeria
67%
0.6°W1,420,000Oran, Algeria
67%
1.5°W2,425,000Ouagadougou, Burkina Faso
67%
4.5°E3,200,000Rotterdam, Netherlands
67%
4.4°E1,030,000Antwerp, Belgium
60%
0.6°W1,050,000Bordeaux, France
60%
4.8°E1,980,000Lyon, France
60%
1.4°W1,160,000Southampton, UK
60%
1.4°E1,030,000Toulouse, France
60%
2,4°E1,710,000Cotonou, Benin
47%
1.6°W2,950,000Kumasi, Ghana
47%
1.2°W1,370,000Nottingham, UK
47%
3.9°E3,350,000Ibadan, Nigeria
33%
4.5°E1,010,000Ilorin, Nigeria
0%

Score Distribution

Percentile by Number Answered

Percent of People with Each Score

Your Score History

You have not taken this quiz